[Event "Zonal Amazonas 2013"]
[Site "Manaus"]
[Date "2013.06.09"]
[Round "1.9"]
[White "Farias, Sergio Luiz Cardoso"]
[Black "Bezerra, Fabiano De Oliveira"]
[Result "0-1"]
[WhiteElo "1537"]
[BlackElo "1915"]
[PlyCount "162"]
[EventDate "2013.06.09"]
[EventRounds "6"]
[EventCountry "BRA"]
[SourceDate "2005.09.12"]

1. e4 e6 2. d4 g6 3. Nf3 Bg7 4. c3 d5 5. Bg5 Bf6 6. Bxf6 Nxf6 7. e5 Nfd7 8. Bb5
a6 9. Ba4 b5 10. Bc2 c5 11. Nbd2 cxd4 12. cxd4 Qb6 13. Nb3 Nc6 14. a3 Na5 15.
O-O Nxb3 16. Bxb3 Bb7 17. Qd2 O-O 18. h4 Rfc8 19. h5 Qd8 20. hxg6 hxg6 21. Kh2
Qf8 22. Rh1 Qg7 23. Kg1 Nf8 24. g3 Rc7 25. Kg2 f5 26. Qh6 Rac8 27. Rh2 Qxh6 28.
Rxh6 Rc1 29. Rh1 Rxh1 30. Rxh1 Kg7 31. Ng5 Rc6 32. f4 Bc8 33. Kf2 Rc7 34. Ke3
Kg8 35. Kd2 a5 36. Bc2 Rc4 37. Kd3 Ba6 38. b3 Rc7 39. Kd2 Bc8 40. Rh4 Nh7 41.
Rh6 Nf8 42. Bd3 b4 43. g4 Rc3 44. Bc2 Rg3 45. gxf5 gxf5 46. axb4 axb4 47. Rh3
Rg2+ 48. Kc1 Rg4 49. Rf3 Ng6 50. Nh3 Ba6 51. Kd2 Rg2+ 52. Kc1 Be2 53. Rf2 Rxf2
54. Nxf2 Nxf4 55. Kd2 Bb5 56. Bd1 Kg7 57. Ke3 Ng6 58. Nh3 Kh6 59. Nf4 Nxf4 60.
Kxf4 Bf1 61. Bf3 Kg6 62. Bd1 Bd3 63. Ke3 Be4 64. Kf4 Bb1 65. Kf3 Kg5 66. Kg3
f4+ 67. Kh3 Bf5+ 68. Kg2 Bg4 69. Bc2 Bf5 70. Bd1 Be4+ 71. Kh3 Bd3 72. Kg2 Kf5
73. Kf3 Bb1 74. Kf2 Ke4 75. Bg4 Kxd4 76. Bxe6 Kxe5 77. Bd7 Bc2 78. Ba4 Ke4 79.
Ke2 f3+ 80. Kf2 Kf4 81. Ke1 Ke3 0-1

[Event "Zonal Amazonas 2013"]
[Site "Manaus"]
[Date "2013.06.09"]
[Round "1.10"]
[White "Andrade, Artur Diego De Souz"]
[Black "Pessoa, Hudson Anselmo"]
[Result "0-1"]
[WhiteElo "1709"]
[BlackElo "1898"]
[PlyCount "58"]
[EventDate "2013.06.09"]
[EventRounds "6"]
[EventCountry "BRA"]
[SourceDate "2005.09.12"]

1. c4 g6 2. g3 Bg7 3. Bg2 c6 4. Nc3 Nf6 5. Nf3 d6 6. d4 O-O 7. O-O Bg4 8. h3
Bxf3 9. Bxf3 Nbd7 10. b3 Qc7 11. Ba3 a6 12. Bb2 Rab8 13. a4 Rfd8 14. b4 e5 15.
b5 exd4 16. Qxd4 Ne5 17. c5 cxb5 18. cxd6 Nxf3+ 19. exf3 Rxd6 20. Qf4 bxa4 21.
Rad1 Rbd8 22. Ba3 Qxc3 23. Rxd6 Re8 24. Qc1 Qxf3 25. Rd4 Ne4 26. Rxa4 Nxg3 27.
fxg3 Qxg3+ 28. Kh1 Qxh3+ 29. Kg1 Re2 0-1

[Event "Zonal Amazonas 2013"]
[Site "Manaus"]
[Date "2013.06.09"]
[Round "1.11"]
[White "Dos Santos, Wesley Cesar Reis"]
[Black "De Oliveira Freitas, Reinier Al"]
[Result "0-1"]
[WhiteElo "1795"]
[BlackElo "1862"]
[PlyCount "75"]
[EventDate "2013.06.09"]
[EventRounds "6"]
[EventCountry "BRA"]
[SourceDate "2005.09.12"]

1. e4 c6 2. d4 e6 3. Nf3 d5 4. e5 c5 5. c3 cxd4 6. cxd4 Bb4+ 7. Nc3 Nc6 8. a3
Ba5 9. Bd3 Nge7 10. O-O Ng6 11. Qc2 Bb6 12. Be3 a6 13. Rfc1 Bd7 14. Na4 Ba7 15.
Nc5 Bxc5 16. Qxc5 Nge7 17. Qc2 Rc8 18. Qb1 h6 19. g4 Na5 20. Rxc8 Qxc8 21. Qd1
Nc4 22. Bxc4 dxc4 23. Rc1 Nd5 24. Bd2 b5 25. Qc2 Bc6 26. Ne1 Qb7 27. b3 Nb6 28.
Bb4 Bd5 29. bxc4 Nxc4 30. h3 a5 31. Bxa5 O-O 32. Bb4 Ra8 33. Qc3 Qa6 34. Ra1
Qc6 35. Bc5 Qd7 36. Nd3 Bb7 37. Ne1 Qd5 38. Qg3 0-1

[Event "Zonal Amazonas 2013"]
[Site "Manaus"]
[Date "2013.06.09"]
[Round "1.12"]
[White "Benayon, Elismar Da Silva"]
[Black "Farias, Igor Borge Cardoso"]
[Result "0-1"]
[WhiteElo "1854"]
[BlackElo "1681"]
[PlyCount "120"]
[EventDate "2013.06.09"]
[EventRounds "6"]
[EventCountry "BRA"]
[SourceDate "2005.09.12"]

1. Nc3 g6 2. e4 Bg7 3. f4 d6 4. Nf3 c5 5. Bc4 e6 6. O-O Nf6 7. Qe1 O-O 8. d3
Nc6 9. f5 Na5 10. fxg6 fxg6 11. Qh4 Nxc4 12. dxc4 Nh5 13. Bg5 Bf6 14. g4 Nf4
15. Bxf6 Qxf6 16. Qxf6 Rxf6 17. e5 dxe5 18. Nxe5 b6 19. Rae1 Bb7 20. h4 Raf8
21. Kh2 Ng2 22. Rxf6 Rxf6 23. Ne4 Rf4 24. Kxg2 Rxe4 25. Kf2 Rxe1 26. Kxe1 Be4
27. c3 Kf8 28. Kf2 Ke7 29. Ke3 Bg2 30. Kf4 Kd6 31. Nf7+ Ke7 32. Ne5 Kd6 33. b4
a6 34. g5 Bh3 35. Nd3 Bf5 36. Ne5 Bb1 37. a4 a5 38. bxa5 bxa5 39. Ng4 Bc2 40.
Nf6 e5+ 41. Ke3 Bxa4 42. Nxh7 Ke6 43. Nf8+ Kf5 44. Nh7 Bc6 45. Nf6 a4 46. Kd2
a3 47. Kc2 Ba4+ 48. Kb1 Bb3 49. Nd5 Kg4 50. Ne7 Kh5 51. Nc6 Kxh4 52. Nxe5 Kxg5
53. Nd3 Bxc4 54. Nxc5 Kh4 55. Ka1 g5 56. Ne4 g4 57. Nd2 g3 58. Nxc4 g2 59. Ka2
g1=Q 60. Kxa3 Qc5+ 0-1

[Event "Zonal Amazonas 2013"]
[Site "Manaus"]
[Date "2013.06.09"]
[Round "1.15"]
[White "Silveira, Lucas Smith Soares"]
[Black "Jacinto Junior, Nelson Bezerra"]
[Result "0-1"]
[WhiteElo "1769"]
[BlackElo "2091"]
[PlyCount "52"]
[EventDate "2013.06.09"]
[EventRounds "6"]
[EventCountry "BRA"]
[SourceDate "2005.09.12"]

1. d4 Nf6 2. Nf3 g6 3. g3 Bg7 4. Bg2 d5 5. h3 O-O 6. c3 Bf5 7. Bg5 Ne4 8. g4
Bd7 9. Bh4 c6 10. Nbd2 Qc7 11. Bxe7 Re8 12. Bh4 Na6 13. Ng5 Nf6 14. Ndf3 h6 15.
Nxf7 Kxf7 16. Ne5+ Rxe5 17. dxe5 Qxe5 18. O-O Re8 19. Qd2 g5 20. Bg3 Qxe2 21.
Rad1 Nc5 22. Rfe1 Qxd2 23. Rxd2 Rxe1+ 24. Kh2 Nce4 25. Bxe4 Nxe4 26. Rd3 Nxg3
0-1

[Event "Zonal Amazonas 2013"]
[Site "Manaus"]
[Date "2013.06.09"]
[Round "1.16"]
[White "De Almeida, Ana Beatriz Brasile"]
[Black "Presa, Luis Alberto Passos"]
[Result "0-1"]
[WhiteElo "1775"]
[BlackElo "1940"]
[PlyCount "102"]
[EventDate "2013.06.09"]
[EventRounds "6"]
[EventCountry "BRA"]
[SourceDate "2005.09.12"]

1. g3 Nf6 2. Bg2 c6 3. e3 d5 4. Ne2 e5 5. O-O Bd6 6. Nbc3 O-O 7. Rb1 Be6 8. d4
Na6 9. f4 e4 10. f5 Bd7 11. Nf4 Qc8 12. Nh5 Be7 13. Bh3 Nc7 14. b4 a6 15. Na4
Rb8 16. Rb3 b6 17. Ba3 Nb5 18. Bb2 Nd6 19. Nxf6+ Bxf6 20. Qh5 g6 21. Qh6 Bg7
22. Qg5 Bxf5 23. Bg2 f6 24. Qf4 Qd7 25. Nc3 g5 26. Qf2 Be6 27. g4 Bxg4 28. Qg3
Be6 29. Ba3 Nf5 30. Qf2 b5 31. Ne2 Nh4 32. Ng3 Nxg2 33. Nh5 Nh4 34. Kh1 Bg4 35.
Nxg7 Kxg7 36. Kg1 f5 37. Qd2 Nf3+ 38. Rxf3 Bxf3 39. Rb2 f4 40. c3 Qg4+ 41. Kf1
fxe3 42. Qxe3 Be2+ 43. Ke1 Rf1+ 44. Kd2 Rd1+ 45. Kc2 Bd3+ 46. Kb3 Bc4+ 47. Kc2
Rf8 48. h3 Qg1 49. Qxg1 Rxg1 50. Kd2 Rg2+ 51. Ke3 Rf3# 0-1

[Event "Zonal Amazonas 2013"]
[Site "Manaus"]
[Date "2013.06.15"]
[Round "2.1"]
[White "Pessoa, Hudson Anselmo"]
[Black "Souza Neves, Andrey M"]
[Result "0-1"]
[WhiteElo "1898"]
[BlackElo "2174"]
[PlyCount "80"]
[EventDate "2013.06.09"]
[EventRounds "6"]
[EventCountry "BRA"]
[SourceDate "2005.09.12"]

1. Nc3 d5 2. d4 Nf6 3. g3 Bf5 4. Bg2 e6 5. Bg5 c5 6. Nf3 Nc6 7. O-O h6 8. Bxf6
Qxf6 9. e3 Bg4 10. Nb5 Rc8 11. c3 a6 12. Na3 b5 13. Nc2 c4 14. h3 Bf5 15. a3 a5
16. Nd2 Bd3 17. Re1 Qg6 18. Rc1 f5 19. Bf1 Bxf1 20. Nxf1 Bd6 21. Qf3 O-O 22.
Kg2 b4 23. axb4 axb4 24. Nxb4 Nxb4 25. cxb4 Bxb4 26. Re2 Bd6 27. Kh1 Rb8 28.
Ra1 Ra8 29. Ree1 Rfb8 30. Kg2 Rxa1 31. Rxa1 Rxb2 32. Ra6 Bb4 33. Qxd5 exd5 34.
Rxg6 Be1 35. Rd6 Rxf2+ 36. Kg1 Re2 37. Rxd5 c3 38. Rxf5 c2 39. Rc5 Bb4 40. Rc4
Ba3 0-1

[Event "Zonal Amazonas 2013"]
[Site "Manaus"]
[Date "2013.06.15"]
[Round "2.2"]
[White "De Oliveira, Victor Gabriel C"]
[Black "Bernardino, Hugo Barros"]
[Result "1-0"]
[WhiteElo "2052"]
[BlackElo "1856"]
[PlyCount "57"]
[EventDate "2013.06.09"]
[EventRounds "6"]
[EventCountry "BRA"]
[SourceDate "2005.09.12"]

1. e4 d5 2. exd5 Qxd5 3. Nf3 Bg4 4. Be2 Nf6 5. Nc3 Qa5 6. d4 c6 7. O-O e6 8.
Ne5 Bxe2 9. Qxe2 Nbd7 10. f4 Bb4 11. Nc4 Qc7 12. f5 Bxc3 13. bxc3 O-O 14. Bf4
e5 15. dxe5 Nd5 16. Bg3 Rae8 17. e6 Qd8 18. Nd6 Re7 19. c4 fxe6 20. cxd5 exd5
21. Qf2 Ne5 22. Nxb7 Qe8 23. Nc5 Ng4 24. Qd4 Ne3 25. Rf2 Nxf5 26. Qf4 h5 27.
Raf1 Ref7 28. Qe5 Re7 29. Rxf5 1-0

[Event "Zonal Amazonas 2013"]
[Site "Manaus"]
[Date "2013.06.15"]
[Round "2.3"]
[White "De Oliveira Freitas, Reinier Al"]
[Black "Rocha, Roberto Da Costa"]
[Result "1/2-1/2"]
[WhiteElo "1862"]
[BlackElo "2010"]
[PlyCount "62"]
[EventDate "2013.06.09"]
[EventRounds "6"]
[EventCountry "BRA"]
[SourceDate "2005.09.12"]

1. e4 e6 2. d4 d5 3. Nc3 Nd7 4. Bf4 c6 5. exd5 exd5 6. Nf3 Be7 7. Bd3 Ngf6 8.
O-O O-O 9. Re1 Re8 10. a3 Nf8 11. Qd2 Ng6 12. Bxg6 hxg6 13. b4 Bf5 14. Ng5 Nh5
15. h4 Bxc2 16. g4 Nxf4 17. Qxf4 Bxg5 18. hxg5 Rxe1+ 19. Rxe1 Qd7 20. Re2 Bb3
21. Re3 Re8 22. Ne2 Rxe3 23. fxe3 f6 24. Kf2 Kf7 25. gxf6 gxf6 26. Nc3 g5 27.
Qb8 Qxg4 28. Qxb7+ Kg6 29. Qxc6 Qh4+ 30. Kg2 Qg4+ 31. Kf2 Qh4+ 1/2-1/2

[Event "Zonal Amazonas 2013"]
[Site "Manaus"]
[Date "2013.06.15"]
[Round "2.5"]
[White "Farias, Igor Borge Cardoso"]
[Black "Da Silva, Jefferson Rian Ferr"]
[Result "1/2-1/2"]
[WhiteElo "1681"]
[BlackElo "1978"]
[PlyCount "77"]
[EventDate "2013.06.09"]
[EventRounds "6"]
[EventCountry "BRA"]
[SourceDate "2005.09.12"]

1. c4 f5 2. g3 Nf6 3. Bg2 d5 4. cxd5 Nxd5 5. Nc3 Nxc3 6. bxc3 e5 7. Qb3 c6 8.
Nf3 Bd6 9. d3 h6 10. Nh4 Qf6 11. Ba3 Bxa3 12. Qxa3 Be6 13. Qb4 Qf7 14. Nf3 Qc7
15. Rb1 b6 16. d4 e4 17. Ne5 Bxa2 18. Rb2 Bf7 19. Bh3 g6 20. Nxf7 Qxf7 21. Qd6
Nd7 22. Qxc6 O-O 23. Qb5 Rfc8 24. Qb3 Rc4 25. Kd2 Rac8 26. Rc1 Nf6 27. Qa3 e3+
28. Kxe3 Qe6+ 29. Kd2 Ne4+ 30. Ke1 Rxc3 31. Rxc3 Rxc3 32. Qa1 Qc4 33. Rb1 Rc2
34. Bf1 Nc3 35. Rb2 Ne4 36. Rxc2 Qxc2 37. Bg2 Qd2+ 38. Kf1 Nc3 39. Bf3 1/2-1/2

[Event "Zonal Amazonas 2013"]
[Site "Manaus"]
[Date "2013.06.15"]
[Round "2.6"]
[White "Jacinto Junior, Nelson Bezerra"]
[Black "Gutierrez, Enrique Alberto Sot"]
[Result "1/2-1/2"]
[WhiteElo "2091"]
[BlackElo "1919"]
[PlyCount "98"]
[EventDate "2013.06.09"]
[EventRounds "6"]
[EventCountry "BRA"]
[SourceDate "2005.09.12"]

1. e4 c5 2. Nf3 Nc6 3. d4 cxd4 4. Nxd4 e5 5. Nb3 d6 6. Nc3 Be6 7. Be2 Nf6 8.
Be3 Be7 9. O-O O-O 10. Qd2 d5 11. exd5 Nxd5 12. Nxd5 Qxd5 13. Rad1 Qxd2 14.
Rxd2 b6 15. Bf3 Rac8 16. c3 f5 17. Bd5 Bxd5 18. Rxd5 Rfd8 19. Rfd1 Rxd5 20.
Rxd5 Rd8 21. Rxd8+ Bxd8 22. Kf1 g5 23. f3 h5 24. Ke2 Kf7 25. Nd2 Bf6 26. Kd3
Ne7 27. c4 Ke6 28. c5 b5 29. b4 Nd5 30. a3 Nxe3 31. Kxe3 Kd5 32. h3 g4 33. Kd3
gxh3 34. gxh3 Bg5 35. Nb3 e4+ 36. fxe4+ fxe4+ 37. Ke2 Bf4 38. Nd2 h4 39. Nb1 a6
40. Nc3+ Kd4 41. Nd1 Kd5 42. Ne3+ Ke6 43. Kf2 Ke5 44. Ke2 Bg3 45. Ng4+ Kd4 46.
Ne3 Ke5 47. Nc2 Bf4 48. Ne3 Bg3 49. Nf1 Bf4 1/2-1/2

[Event "Zonal Amazonas 2013"]
[Site "Manaus"]
[Date "2013.06.15"]
[Round "2.10"]
[White "De Pontes E Souza, Jose Geraldo"]
[Black "Benayon, Elismar Da Silva"]
[Result "1-0"]
[WhiteElo "1848"]
[BlackElo "1854"]
[PlyCount "115"]
[EventDate "2013.06.09"]
[EventRounds "6"]
[EventCountry "BRA"]
[SourceDate "2005.09.12"]

1. e4 e5 2. Nf3 Nc6 3. Bb5 Bc5 4. c3 d6 5. d4 exd4 6. cxd4 Bb4+ 7. Nc3 Bd7 8.
O-O Nge7 9. d5 Ne5 10. Nxe5 dxe5 11. Qa4 Bxc3 12. bxc3 a6 13. Bxd7+ Qxd7 14.
Qxd7+ Kxd7 15. Be3 Rhd8 16. Rfb1 b6 17. c4 f5 18. Bg5 fxe4 19. Re1 Re8 20. Bxe7
Rxe7 21. Rxe4 Kd6 22. Rae1 b5 23. Rc1 bxc4 24. Rexc4 Ra7 25. Rd1 e4 26. Rc6+
Ke5 27. Kf1 a5 28. a4 Rd7 29. Re6+ Kf5 30. Rc6 Rd6 31. Rc5 Ke5 32. Ke2 g5 33.
Ke3 c6 34. dxc6+ Ke6 35. Rxd6+ Kxd6 36. Rxg5 Kxc6 37. Kxe4 Re7+ 38. Kd4 Rf7 39.
Ke3 Re7+ 40. Kd4 Rf7 41. f3 Kb6 42. Rb5+ Ka6 43. Re5 Rd7+ 44. Ke3 Rb7 45. Re6+
Ka7 46. g4 Rb3+ 47. Kf4 Rb4+ 48. Re4 Kb6 49. Rxb4+ axb4 50. Ke3 Ka5 51. Kd2
Kxa4 52. Kc2 Ka3 53. Kb1 Kb3 54. f4 Kc4 55. f5 Kd4 56. Kb2 Ke5 57. Kb3 h5 58.
h3 1-0

[Event "Zonal Amazonas 2013"]
[Site "Manaus"]
[Date "2013.06.15"]
[Round "2.11"]
[White "Reis, Renan Do Carmo"]
[Black "Silva, Miguel Zadorosny"]
[Result "1-0"]
[WhiteElo "2266"]
[BlackElo "1781"]
[PlyCount "51"]
[EventDate "2013.06.09"]
[EventRounds "6"]
[EventCountry "BRA"]
[SourceDate "2005.09.12"]

1. e4 e5 2. Nf3 Nc6 3. Bb5 a6 4. Ba4 Nf6 5. O-O b5 6. Bb3 d6 7. Ng5 Bg4 8.
Bxf7+ Ke7 9. f3 Bd7 10. Bb3 Qb8 11. Nc3 g6 12. f4 Qb6+ 13. Kh1 Bg7 14. fxe5
dxe5 15. Rxf6 Bxf6 16. Nd5+ Kd8 17. Nf7+ Ke8 18. Nxf6+ Ke7 19. Nd5+ Kxf7 20.
Nxb6+ Ke7 21. Nxa8 Rxa8 22. d4 Nxd4 23. Bg5+ Ke8 24. Qf1 Nxb3 25. Qf6 Nxa1 26.
Qe7# 1-0

[Event "Zonal Amazonas 2013"]
[Site "Manaus"]
[Date "2013.06.15"]
[Round "2.12"]
[White "Rodolpho Filho, Joao"]
[Black "Farias, Sergio Luiz Cardoso"]
[Result "1-0"]
[WhiteElo "1782"]
[BlackElo "1537"]
[PlyCount "111"]
[EventDate "2013.06.09"]
[EventRounds "6"]
[EventCountry "BRA"]
[SourceDate "2005.09.12"]

1. d4 Nf6 2. c4 e6 3. Nc3 Bb4 4. Bg5 c6 5. e4 h6 6. Bxf6 Qxf6 7. e5 Qd8 8. a3
Ba5 9. b4 Bc7 10. Nf3 d6 11. Be2 Nd7 12. exd6 Bxd6 13. O-O O-O 14. Re1 Qc7 15.
c5 Be7 16. Bf1 Nf6 17. Ne5 Bd7 18. Qf3 Rad8 19. Rad1 Be8 20. Ne4 Nd5 21. Bc4 f6
22. Nd3 Kh8 23. Bxd5 Rxd5 24. Nf4 Rf5 25. Nxe6 Qxh2+ 26. Kxh2 Rxf3 27. gxf3 Rg8
28. Rg1 Kh7 29. Nf4 Bf7 30. Rde1 g5 31. Nh3 Bd5 32. Re3 Bd8 33. Kg2 g4 34. fxg4
Rxg4+ 35. Kh2 Rxe4 36. Rxe4 Bxe4 37. f4 f5 38. Nf2 Bd5 39. Nd3 Bh4 40. Kh3 Bf6
41. Ne5 b6 42. cxb6 axb6 43. a4 Be7 44. a5 bxa5 45. bxa5 c5 46. dxc5 Bxc5 47.
Rd1 Be4 48. Rd7+ Kg8 49. a6 Be3 50. Kg3 h5 51. Ng6 Bb6 52. a7 Ba5 53. Kh4 Bf3
54. Kg5 Bb6 55. Nh4 Bc6 56. Rd6 1-0

[Event "Zonal Amazonas 2013"]
[Site "Manaus"]
[Date "2013.06.15"]
[Round "2.13"]
[White "Dos Santos, Jardel Farias"]
[Black "De Almeida, Ana Beatriz Brasile"]
[Result "1-0"]
[WhiteElo "1800"]
[BlackElo "1775"]
[PlyCount "83"]
[EventDate "2013.06.09"]
[EventRounds "6"]
[EventCountry "BRA"]
[SourceDate "2005.09.12"]

1. e4 g6 2. d4 e6 3. c4 Ne7 4. Nf3 Bg7 5. Nc3 c6 6. Be3 O-O 7. Be2 Na6 8. Qd2
Rb8 9. O-O f5 10. Bh6 Nc7 11. Rac1 Rf7 12. Bg5 Qf8 13. e5 b6 14. Bf4 h6 15. b4
d5 16. exd6 Na6 17. dxe7 Qxe7 18. Bxb8 Nxb8 19. a3 Qf6 20. Ne5 Re7 21. Bf3 Bb7
22. Ne2 c5 23. Bxb7 Rxb7 24. Nf3 Bf8 25. b5 Rd7 26. Qf4 Rd8 27. Rfd1 Nd7 28.
Qc7 Be7 29. Qxa7 g5 30. Ne5 Nxe5 31. dxe5 Qf8 32. Rd7 Ra8 33. Qb7 Rb8 34. Qc6
Bd8 35. Qxe6+ Kh8 36. Rcd1 Bc7 37. Rxc7 Re8 38. Qg6 Re7 39. Rxe7 Qxe7 40. Qxh6+
Kg8 41. Qf6 Qh7 42. Rd8# 1-0

[Event "Zonal Amazonas 2013"]
[Site "Manaus"]
[Date "2013.06.15"]
[Round "3.1"]
[White "Da Silva, Mikhail Zoltan Iwan"]
[Black "Souza Neves, Andrey M"]
[Result "1/2-1/2"]
[WhiteElo "1983"]
[BlackElo "2174"]
[PlyCount "124"]
[EventDate "2013.06.09"]
[EventRounds "6"]
[EventCountry "BRA"]
[SourceDate "2005.09.12"]

1. e4 c6 2. c4 d5 3. exd5 cxd5 4. d4 Nf6 5. Nc3 e6 6. Nf3 Bb4 7. Bd3 dxc4 8.
Bxc4 O-O 9. O-O Qc7 10. Qd3 Bxc3 11. bxc3 Nbd7 12. Bb3 b6 13. Re1 Re8 14. Bg5
Bb7 15. Ne5 Nxe5 16. Rxe5 Ng4 17. Bc2 f5 18. Bf4 Nxe5 19. Bxe5 Qf7 20. Re1 Be4
21. Qd2 Bxc2 22. Qxc2 Rac8 23. Re3 f4 24. Rf3 Qf5 25. Qb3 Qe4 26. h4 Rc6 27.
Rxf4 Qe1+ 28. Kh2 Qxc3 29. Rg4 Qxb3 30. Rxg7+ Kf8 31. axb3 Re7 32. Rg3 a5 33.
Rd3 Rd7 34. g4 b5 35. g5 b4 36. Rd2 Rc3 37. Ra2 Rxb3 38. Rxa5 Ra3 39. Rb5 Ra4
40. h5 Ke8 41. Bf6 Kf7 42. Be5 Ra3 43. Rxb4 Ra8 44. Rb3 Rg8 45. Rg3 Rb7 46. Kh3
Rb2 47. Rf3+ Ke7 48. d5 Rb5 49. Bf6+ Kd6 50. dxe6 Kxe6 51. Kg4 Rb4+ 52. Rf4
Rxf4+ 53. Kxf4 Ra8 54. Kg4 Ra2 55. f4 Rg2+ 56. Kh3 Rg1 57. Bd4 Rd1 58. Be5 Kf5
59. Kg2 Rd3 60. Kf2 Rh3 61. h6 Rb3 62. Ke2 Rh3 1/2-1/2

[Event "Zonal Amazonas 2013"]
[Site "Manaus"]
[Date "2013.06.15"]
[Round "3.2"]
[White "Bezerra, Fabiano De Oliveira"]
[Black "De Oliveira, Victor Gabriel C"]
[Result "0-1"]
[WhiteElo "1915"]
[BlackElo "2052"]
[PlyCount "168"]
[EventDate "2013.06.09"]
[EventRounds "6"]
[EventCountry "BRA"]
[SourceDate "2005.09.12"]

1. e4 c5 2. Nc3 Nc6 3. g3 e6 4. Bg2 g6 5. Nge2 Bg7 6. O-O Nge7 7. d3 d5 8. exd5
exd5 9. Nf4 d4 10. Ncd5 O-O 11. Nxe7+ Nxe7 12. Bd2 Rb8 13. Re1 Nf5 14. Nd5 Be6
15. Nf4 Bd7 16. Nh3 Bc6 17. Bxc6 bxc6 18. b3 Qd7 19. Ng5 Rfe8 20. Qf3 Ne3 21.
Rac1 Ng4 22. Ne4 Ne5 23. Qg2 Qg4 24. Ng5 h6 25. h3 Qf5 26. g4 Qd7 27. Ne4 f5
28. Nxc5 Qd5 29. Qxd5+ cxd5 30. Kg2 fxg4 31. hxg4 Rbc8 32. Nb7 Nxg4 33. Rxe8+
Rxe8 34. Nd6 Re2 35. Be1 Re6 36. Nb5 h5 37. c4 dxc4 38. bxc4 a6 39. Nc7 Rc6 40.
Nd5 Bf8 41. Ba5 Ne5 42. Rd1 Kf7 43. f4 Nd7 44. Rf1 Nc5 45. Rf3 Re6 46. f5 Re2+
47. Kf1 Rxa2 48. fxg6+ Kxg6 49. Bb4 a5 50. Rxf8 axb4 51. Nxb4 Rb2 52. Nc6 Nb3
53. Rf4 Kg5 54. Rf2 Rb1+ 55. Kg2 Rd1 56. Ne5 Nc5 57. Nf3+ Kg4 58. Ne5+ Kg5 59.
Nf3+ Kh6 60. Nxd4 Nxd3 61. Ra2 Nf4+ 62. Kf3 Rxd4 63. Rc2 Ng6 64. c5 Rd7 65. c6
Rc7 66. Ke4 Ne7 67. Rg2 Rxc6 68. Kf3 Rg6 69. Re2 Nd5 70. Re5 Nf6 71. Ra5 h4 72.
Ra6 Nd7 73. Ra8 Ne5+ 74. Kf4 Nd3+ 75. Ke3 Ne1 76. Kf2 Nd3+ 77. Ke3 Rg3+ 78. Ke4
Nf2+ 79. Kf4 Nh3+ 80. Kf5 Ng5 81. Rh8+ Nh7 82. Ra8 h3 83. Ra4 Rg5+ 84. Kf4 h2
0-1

[Event "Zonal Amazonas 2013"]
[Site "Manaus"]
[Date "2013.06.15"]
[Round "3.3"]
[White "Rocha, Roberto Da Costa"]
[Black "De Pontes E Souza, Jose Geraldo"]
[Result "1/2-1/2"]
[WhiteElo "2010"]
[BlackElo "1848"]
[PlyCount "80"]
[EventDate "2013.06.09"]
[EventRounds "6"]
[EventCountry "BRA"]
[SourceDate "2005.09.12"]

1. d4 Nf6 2. Nf3 d5 3. Bf4 Bf5 4. c3 Nbd7 5. Nbd2 e6 6. e3 Be7 7. Nh4 Bg6 8.
Nxg6 fxg6 9. Bd3 O-O 10. h3 Nh5 11. Bh2 Rf7 12. O-O Rc8 13. Nf3 Qf8 14. Ne5
Nxe5 15. dxe5 Bh4 16. Qe2 Qe7 17. g4 Rcf8 18. gxh5 Bxf2+ 19. Kh1 Rf3 20. Bg3
Qg5 21. Rxf2 Qxg3 22. Rxf3 Rxf3 23. Qg2 Qxh3+ 24. Qxh3 Rxh3+ 25. Kg2 Rxh5 26.
e4 Rxe5 27. Kf3 Kf7 28. Rh1 h6 29. b4 c6 30. Kf4 Rg5 31. e5 Rg2 32. a4 g5+ 33.
Ke3 Rg3+ 34. Kd4 Rf3 35. c4 Rf4+ 36. Kc5 dxc4 37. Bc2 Rf2 38. Be4 Rf4 39. Bc2
Rf2 40. Be4 Rf4 1/2-1/2

[Event "Zonal Amazonas 2013"]
[Site "Manaus"]
[Date "2013.06.15"]
[Round "3.4"]
[White "De Oliveira Freitas, Reinier Al"]
[Black "Da Paz, Leonardo Gadelha"]
[Result "1/2-1/2"]
[WhiteElo "1862"]
[BlackElo "1984"]
[PlyCount "76"]
[EventDate "2013.06.09"]
[EventRounds "6"]
[EventCountry "BRA"]
[SourceDate "2005.09.12"]

1. e4 e5 2. Nf3 Nf6 3. d4 Nxe4 4. dxe5 d5 5. exd6 Nxd6 6. Bd3 Be7 7. Nc3 Be6 8.
O-O Nc6 9. Re1 O-O 10. h3 Nb4 11. Ne5 Nxd3 12. Nxd3 Bf6 13. Ne4 Bf5 14. Ng3 Bg6
15. Nf4 Re8 16. c3 Nc4 17. Rxe8+ Qxe8 18. Nxg6 hxg6 19. Qf1 Qe6 20. f3 Rd8 21.
Ne4 Be7 22. b3 Qb6+ 23. Kh1 Ne3 24. Bxe3 Qxe3 25. Re1 Qd3 26. Qf2 f5 27. Nc5
Bxc5 28. Qxc5 Qd2 29. Rg1 Rd3 30. Qxc7 Rxc3 31. Qb8+ Kh7 32. Qxa7 Rc2 33. Qxb7
Rxa2 34. Qe7 Rb2 35. Qf7 Qc2 36. Qe7 Qd2 37. Qf7 Qg5 38. Qc4 Qd2 1/2-1/2

[Event "Zonal Amazonas 2013"]
[Site "Manaus"]
[Date "2013.06.15"]
[Round "3.5"]
[White "Da Silva, Jefferson Rian Ferr"]
[Black "Jacinto Junior, Nelson Bezerra"]
[Result "0-1"]
[WhiteElo "1978"]
[BlackElo "2091"]
[PlyCount "74"]
[EventDate "2013.06.09"]
[EventRounds "6"]
[EventCountry "BRA"]
[SourceDate "2005.09.12"]

1. e4 c5 2. Nf3 d6 3. d4 cxd4 4. Nxd4 Nf6 5. Nc3 a6 6. Bg5 e6 7. f4 Be7 8. Qf3
Qb6 9. Nb3 Nbd7 10. Bd3 Nc5 11. O-O-O Bd7 12. Rhe1 Bc6 13. Nxc5 Qxc5 14. Bh4 b5
15. Bf2 Qh5 16. Qxh5 Nxh5 17. g3 O-O 18. Ne2 Nf6 19. Nd4 Bb7 20. h3 Rac8 21. g4
Rfd8 22. Nb3 Nd7 23. Kb1 Nc5 24. Nxc5 dxc5 25. e5 Bf3 26. Rc1 c4 27. Bf1 Rd2
28. Be3 Rh2 29. Bg1 Rh1 30. Re3 Bb7 31. Bf2 Rd8 32. Ree1 Rh2 33. Be3 Bf3 34. a4
Bh4 35. Bb6 Bxe1 36. Bxd8 Bd2 37. axb5 axb5 0-1

[Event "Zonal Amazonas 2013"]
[Site "Manaus"]
[Date "2013.06.15"]
[Round "3.6"]
[White "Gutierrez, Enrique Alberto Sot"]
[Black "Presa, Luis Alberto Passos"]
[Result "1-0"]
[WhiteElo "1919"]
[BlackElo "1940"]
[PlyCount "49"]
[EventDate "2013.06.09"]
[EventRounds "6"]
[EventCountry "BRA"]
[SourceDate "2005.09.12"]

1. d4 Nf6 2. c4 e6 3. g3 d5 4. Nf3 Nbd7 5. Bg2 Be7 6. O-O O-O 7. b3 b6 8. Bb2
Bb7 9. cxd5 exd5 10. Nc3 Re8 11. e3 Bf8 12. Rc1 Rc8 13. Bh3 c6 14. Ne5 Rc7 15.
Qc2 Nxe5 16. dxe5 Nd7 17. Nxd5 Rc8 18. Nf4 c5 19. Rfd1 Rc7 20. e6 fxe6 21. Nxe6
Rxe6 22. Bxe6+ Kh8 23. Qf5 Bc6 24. Qf7 Qe7 25. Qg8# 1-0

[Event "Zonal Amazonas 2013"]
[Site "Manaus"]
[Date "2013.06.15"]
[Round "3.7"]
[White "Reis, Renan Do Carmo"]
[Black "Farias, Igor Borge Cardoso"]
[Result "1-0"]
[WhiteElo "2266"]
[BlackElo "1681"]
[PlyCount "39"]
[EventDate "2013.06.09"]
[EventRounds "6"]
[EventCountry "BRA"]
[SourceDate "2005.09.12"]

1. e4 c5 2. Nf3 d6 3. d4 cxd4 4. Nxd4 Nf6 5. Nc3 a6 6. Bg5 e6 7. f4 Be7 8. Qf3
Nc6 9. Nxc6 bxc6 10. O-O-O d5 11. Bc4 Nd7 12. Bxe7 Qxe7 13. exd5 Qc5 14. Ne4
Qb4 15. dxc6 Nb6 16. Nd6+ Ke7 17. Qh5 g6 18. Nf5+ exf5 19. Qg5+ f6 20. Rde1+
1-0

[Event "Zonal Amazonas 2013"]
[Site "Manaus"]
[Date "2013.06.15"]
[Round "3.8"]
[White "Rodolpho Filho, Joao"]
[Black "Pessoa, Hudson Anselmo"]
[Result "0-1"]
[WhiteElo "1782"]
[BlackElo "1898"]
[PlyCount "111"]
[EventDate "2013.06.09"]
[EventRounds "6"]
[EventCountry "BRA"]
[SourceDate "2005.09.12"]

1. d4 g6 2. c4 Bg7 3. Nf3 c6 4. Nc3 d6 5. e4 Bg4 6. Be2 Nd7 7. O-O Qc7 8. h3
Bxf3 9. Bxf3 Ngf6 10. Bf4 e5 11. dxe5 dxe5 12. Bg3 O-O 13. Qc2 Rad8 14. Rad1
Rfe8 15. b4 a6 16. c5 b6 17. cxb6 Qxb6 18. a3 a5 19. Na2 c5 20. bxc5 Qxc5 21.
Qxc5 Nxc5 22. Bh4 Rxd1 23. Rxd1 Ncxe4 24. Bxf6 Nxf6 25. Be2 Rc8 26. Rc1 Rxc1+
27. Nxc1 Nd5 28. a4 Nc3 29. Bb5 Bf8 30. Kf1 Bb4 31. g3 Kf8 32. Kg2 Ke7 33. f3
Nxb5 34. axb5 Kd6 35. Nd3 f6 36. Kf2 Bc3 37. Ke2 a4 38. Kd1 a3 39. Nc1 Kc5 40.
Kc2 Bb2 41. Nd3+ Kxb5 42. Nxb2 axb2 43. Kxb2 Kc5 44. Kc2 Kd4 45. Kd2 f5 46. g4
e4 47. gxf5 gxf5 48. fxe4 fxe4 49. h4 e3+ 50. Ke2 h5 51. Ke1 Ke4 52. Ke2 Kf4
53. Ke1 Kg4 54. Ke2 Kxh4 55. Kxe3 Kg3 56. Ke2 0-1